000 00297nam a22001217a 4500
008 160523b xxu||||| |||| 00| 0 eng d
020 _a9781416062486
020 _a9781416002486
041 _aeng
080 _a618.2
245 _aPharmacology of nursing care:
_cRichard A. Lehne;
942 _2udc
_cBK
999 _c2375
_d2375